[Event "World Youth & Cadets Blitz Championships"]
[Site "Rhodes, Greece"]
[Date "2022.05.03"]
[Round "5.39"]
[White "Beber, Anja"]
[Black "Hnatyshyn, Anastasiia"]
[Result "0-1"]
[TimeControl "5'/game & 2\"/move"]
[WhiteElo "1491"]
[BlackElo "1784"]

1. c4 {[%clk 00:05:01]} {[%emt 00:00:02]} e5 {[%clk 00:05:03]} {[%emt
00:00:02]} 2. Nc3 {[%clk 00:05:00]} {[%emt 00:00:03]} Nf6 {[%clk 00:05:03]}
{[%emt 00:00:02]} 3. b3 {[%clk 00:04:51]} {[%emt 00:00:11]} Nc6 {[%clk
00:05:01]} {[%emt 00:00:04]} 4. Bb2 {[%clk 00:04:51]} {[%emt 00:00:01]} Be7
{[%clk 00:04:58]} {[%emt 00:00:05]} 5. g3 {[%clk 00:04:49]} {[%emt 00:00:04]}
O-O {[%clk 00:04:57]} {[%emt 00:00:03]} 6. Bg2 {[%clk 00:04:50]} {[%emt
00:00:01]} d6 {[%clk 00:04:53]} {[%emt 00:00:07]} 7. e3 {[%clk 00:04:46]}
{[%emt 00:00:06]} Bf5 {[%clk 00:04:35]} {[%emt 00:00:20]} 8. Nge2 {[%clk
00:04:35]} {[%emt 00:00:13]} Nb4 {[%clk 00:04:20]} {[%emt 00:00:16]} 9. e4
{[%clk 00:04:35]} {[%emt 00:00:03]} Nd3+ {[%clk 00:04:19]} {[%emt 00:00:03]} 10.
Kf1 {[%clk 00:04:28]} {[%emt 00:00:08]} Be6 {[%clk 00:03:11]} {[%emt 00:01:10]}
11. Ba3 {[%clk 00:04:06]} {[%emt 00:00:24]} Ng4 {[%clk 00:03:09]} {[%emt
00:00:04]} 12. Qc2 {[%clk 00:03:39]} {[%emt 00:00:29]} Ngxf2 {[%clk 00:02:40]}
{[%emt 00:00:31]} 13. Nd1 {[%clk 00:03:08]} {[%emt 00:00:33]} Nxh1 {[%clk
00:02:11]} {[%emt 00:00:31]} 14. Qxd3 {[%clk 00:03:08]} {[%emt 00:00:03]} f5
{[%clk 00:02:00]} {[%emt 00:00:13]} 15. Kg1 {[%clk 00:02:30]} {[%emt 00:00:38]}
Nxg3 {[%clk 00:01:55]} {[%emt 00:00:08]} 16. Nxg3 {[%clk 00:01:56]} {[%emt
00:00:37]} f4 {[%clk 00:01:55]} {[%emt 00:00:01]} 17. Nf1 {[%clk 00:01:26]}
{[%emt 00:00:32]} Qe8 {[%clk 00:01:33]} {[%emt 00:00:24]} 18. Nf2 {[%clk
00:01:13]} {[%emt 00:00:15]} Qg6 {[%clk 00:01:30]} {[%emt 00:00:05]} 19. Qf3
{[%clk 00:01:13]} {[%emt 00:00:02]} Bh4 {[%clk 00:01:16]} {[%emt 00:00:16]} 20.
Kh1 {[%clk 00:00:48]} {[%emt 00:00:28]} Bxf2 {[%clk 00:01:07]} {[%emt
00:00:11]} 21. Qxf2 {[%clk 00:00:48]} {[%emt 00:00:01]} f3 {[%clk 00:01:02]}
{[%emt 00:00:07]} 22. Ng3 {[%clk 00:00:45]} {[%emt 00:00:05]} fxg2+ {[%clk
00:01:01]} {[%emt 00:00:03]} 23. Qxg2 {[%clk 00:00:46]} Bg4 {[%clk 00:00:59]}
{[%emt 00:00:04]} 24. Kg1 {[%clk 00:00:34]} {[%emt 00:00:14]} Bf3 {[%clk
00:00:57]} {[%emt 00:00:04]} 25. Qh3 {[%clk 00:00:31]} {[%emt 00:00:04]} Bxe4
{[%clk 00:00:56]} {[%emt 00:00:04]} 26. Re1 {[%clk 00:00:25]} {[%emt 00:00:06]}
Bd3 {[%clk 00:00:54]} {[%emt 00:00:06]} 27. Qg2 {[%clk 00:00:21]} {[%emt
00:00:07]} Rf7 {[%clk 00:00:50]} {[%emt 00:00:06]} 28. Re3 {[%clk 00:00:13]}
{[%emt 00:00:09]} Raf8 {[%clk 00:00:48]} {[%emt 00:00:04]} 29. Re1 {[%clk
00:00:10]} {[%emt 00:00:06]} h5 {[%clk 00:00:38]} {[%emt 00:00:12]} 30. h4
{[%clk 00:00:10]} {[%emt 00:00:01]} Qg4 {[%clk 00:00:35]} {[%emt 00:00:05]} 31.
Re3 {[%clk 00:00:05]} {[%emt 00:00:07]} e4 {[%clk 00:00:22]} {[%emt 00:00:15]}
32. Bb2 {[%clk 00:00:05]} {[%emt 00:00:02]} Qxh4 {[%clk 00:00:15]} {[%emt
00:00:10]} 33. Rxd3 {[%clk 00:00:04]} {[%emt 00:00:03]} exd3 {[%clk 00:00:14]}
{[%emt 00:00:03]} 34. Nf5 {[%clk 00:00:03]} {[%emt 00:00:03]} Qg4 {[%clk
00:00:10]} {[%emt 00:00:05]} 35. Nh6+ {[%clk 00:00:00]} {[%emt 00:00:04]} gxh6
{[%clk 00:00:10]} {[%emt 00:00:01]} 36. Qxg4+ {[%emt 00:00:04]} 0-1

[Event "World Youth & Cadets Blitz Championships"]
[Site "Rhodes, Greece"]
[Date "2022.05.03"]
[Round "5.40"]
[White "Smietanska, Wiktoria"]
[Black "Zagorac, Lara"]
[Result "1-0"]
[TimeControl "5'/game & 2\"/move"]
[WhiteElo "1890"]
[BlackElo "1358"]

1. c4 {[%clk 00:05:03]} c5 {[%clk 00:05:03]} {[%emt 00:00:02]} 2. Nf3 {[%clk
00:05:03]} {[%emt 00:00:01]} Nf6 {[%clk 00:05:04]} {[%emt 00:00:01]} 3. Nc3
{[%clk 00:05:04]} {[%emt 00:00:02]} Nc6 {[%clk 00:05:05]} {[%emt 00:00:01]} 4.
g3 {[%clk 00:05:04]} {[%emt 00:00:02]} g6 {[%clk 00:05:05]} 5. d4 {[%clk
00:05:05]} {[%emt 00:00:02]} cxd4 {[%clk 00:05:04]} {[%emt 00:00:03]} 6. Nxd4
{[%clk 00:05:05]} {[%emt 00:00:02]} Bg7 {[%clk 00:05:04]} {[%emt 00:00:02]} 7.
Bg2 {[%clk 00:05:06]} {[%emt 00:00:02]} Qa5 {[%clk 00:05:03]} {[%emt 00:00:03]}
8. O-O {[%clk 00:04:52]} {[%emt 00:00:17]} O-O {[%clk 00:05:01]} {[%emt
00:00:03]} 9. e3 {[%clk 00:03:54]} {[%emt 00:01:00]} a6 {[%clk 00:03:55]}
{[%emt 00:01:09]} 10. Qd2 {[%clk 00:03:30]} {[%emt 00:00:25]} Qc7 {[%clk
00:03:37]} {[%emt 00:00:19]} 11. b3 {[%clk 00:03:25]} {[%emt 00:00:07]} d6
{[%clk 00:03:36]} {[%emt 00:00:04]} 12. Bb2 {[%clk 00:03:24]} {[%emt 00:00:03]}
Bd7 {[%clk 00:03:29]} {[%emt 00:00:09]} 13. Rac1 {[%clk 00:03:23]} {[%emt
00:00:03]} Rac8 {[%clk 00:03:13]} {[%emt 00:00:18]} 14. Rfd1 {[%clk 00:03:06]}
{[%emt 00:00:19]} Rfd8 {[%clk 00:03:12]} {[%emt 00:00:03]} 15. Nd5 {[%clk
00:02:36]} {[%emt 00:00:32]} Qb8 {[%clk 00:02:18]} {[%emt 00:00:56]} 16. Nxc6
{[%clk 00:02:33]} {[%emt 00:00:05]} Bxc6 {[%clk 00:01:58]} {[%emt 00:00:22]} 17.
Nxe7+ {[%clk 00:02:30]} {[%emt 00:00:05]} Kh8 {[%clk 00:01:55]} {[%emt
00:00:05]} 18. Nxc8 {[%clk 00:02:29]} {[%emt 00:00:03]} Qxc8 {[%clk 00:01:55]}
{[%emt 00:00:02]} 19. Bd4 {[%clk 00:02:20]} {[%emt 00:00:10]} Bxg2 {[%clk
00:01:26]} {[%emt 00:00:32]} 20. Kxg2 {[%clk 00:02:18]} {[%emt 00:00:03]} Qc6+
{[%clk 00:01:25]} {[%emt 00:00:04]} 21. Kg1 {[%clk 00:02:12]} {[%emt 00:00:07]}
Ne4 {[%clk 00:01:04]} {[%emt 00:00:25]} 22. Bxg7+ {[%clk 00:02:03]} {[%emt
00:00:10]} Kxg7 {[%clk 00:00:59]} {[%emt 00:00:06]} 23. Qd5 {[%clk 00:02:00]}
{[%emt 00:00:04]} Qxd5 {[%clk 00:00:48]} {[%emt 00:00:14]} 24. cxd5 {[%clk
00:01:55]} {[%emt 00:00:07]} Rd7 {[%clk 00:00:38]} {[%emt 00:00:13]} 25. f3
{[%clk 00:01:52]} {[%emt 00:00:04]} Nf6 {[%clk 00:00:39]} {[%emt 00:00:01]} 26.
e4 {[%clk 00:01:50]} {[%emt 00:00:04]} Ne8 {[%clk 00:00:34]} {[%emt 00:00:08]}
27. Rc8 {[%clk 00:01:49]} {[%emt 00:00:03]} Nc7 {[%clk 00:00:29]} {[%emt
00:00:07]} 28. Rc1 {[%emt 00:00:04]} Nb5 {[%clk 00:00:30]} 29. Kf2 {[%clk
00:01:43]} {[%emt 00:00:06]} f5 {[%clk 00:00:25]} {[%emt 00:00:07]} 30. a4
{[%clk 00:01:35]} {[%emt 00:00:11]} Nd4 {[%clk 00:00:20]} {[%emt 00:00:07]} 31.
R1c7 {[%clk 00:01:34]} {[%emt 00:00:03]} Rxc7 {[%clk 00:00:17]} {[%emt
00:00:04]} 32. Rxc7+ {[%clk 00:01:34]} {[%emt 00:00:02]} Kf6 {[%clk 00:00:16]}
{[%emt 00:00:03]} 33. Rxb7 {[%clk 00:01:34]} {[%emt 00:00:03]} fxe4 {[%clk
00:00:14]} {[%emt 00:00:04]} 34. fxe4 {[%clk 00:01:34]} {[%emt 00:00:02]} Nc2
{[%clk 00:00:10]} {[%emt 00:00:07]} 35. b4 {[%clk 00:01:32]} {[%emt 00:00:03]}
Na3 {[%clk 00:00:11]} 36. b5 {[%clk 00:01:32]} {[%emt 00:00:02]} axb5 {[%clk
00:00:11]} {[%emt 00:00:02]} 37. a5 {[%clk 00:01:32]} {[%emt 00:00:03]} 1-0

[Event "World Youth & Cadets Blitz Championships"]
[Site "Rhodes, Greece"]
[Date "2022.05.03"]
[Round "5.41"]
[White "Onipko, Kateryna"]
[Black "Berezovskaya, Arina"]
[Result "1/2-1/2"]
[TimeControl "5'/game & 2\"/move"]
[WhiteElo "1439"]
[BlackElo "1310"]

1. d4 {[%clk 00:05:03]} Nf6 {[%clk 00:05:03]} {[%emt 00:00:02]} 2. c4 {[%clk
00:05:04]} {[%emt 00:00:01]} e6 {[%clk 00:05:04]} {[%emt 00:00:01]} 3. Nc3
{[%clk 00:05:04]} {[%emt 00:00:01]} Bb4 {[%clk 00:05:05]} {[%emt 00:00:02]} 4.
Qc2 {[%clk 00:05:05]} {[%emt 00:00:01]} b6 {[%clk 00:04:59]} {[%emt 00:00:08]}
5. a3 {[%clk 00:05:02]} {[%emt 00:00:05]} Bxc3+ {[%clk 00:04:59]} {[%emt
00:00:01]} 6. Qxc3 {[%clk 00:05:02]} {[%emt 00:00:02]} Bb7 {[%clk 00:04:59]}
{[%emt 00:00:03]} 7. Bg5 {[%clk 00:04:59]} {[%emt 00:00:04]} h6 {[%clk
00:04:55]} {[%emt 00:00:06]} 8. Bh4 {[%clk 00:04:56]} {[%emt 00:00:06]} d6
{[%clk 00:04:33]} {[%emt 00:00:24]} 9. e3 {[%clk 00:04:55]} {[%emt 00:00:03]}
Nbd7 {[%clk 00:04:29]} {[%emt 00:00:06]} 10. Bd3 {[%clk 00:04:54]} {[%emt
00:00:03]} O-O {[%clk 00:04:10]} {[%emt 00:00:21]} 11. Nf3 {[%clk 00:04:47]}
{[%emt 00:00:08]} Re8 {[%clk 00:04:00]} {[%emt 00:00:12]} 12. Be2 {[%clk
00:04:40]} {[%emt 00:00:10]} e5 {[%clk 00:03:23]} {[%emt 00:00:38]} 13. d5
{[%clk 00:04:36]} {[%emt 00:00:07]} Nc5 {[%clk 00:02:36]} {[%emt 00:00:49]} 14.
b4 {[%clk 00:04:29]} {[%emt 00:00:09]} Nce4 {[%clk 00:02:11]} {[%emt 00:00:26]}
15. Qc2 {[%clk 00:04:29]} {[%emt 00:00:03]} c5 {[%clk 00:01:34]} {[%emt
00:00:39]} 16. b5 {[%clk 00:04:22]} {[%emt 00:00:09]} a6 {[%clk 00:01:21]}
{[%emt 00:00:15]} 17. Bxf6 {[%clk 00:04:17]} {[%emt 00:00:07]} Nxf6 {[%clk
00:01:21]} {[%emt 00:00:02]} 18. Qb1 {[%clk 00:04:01]} {[%emt 00:00:18]} e4
{[%clk 00:01:00]} {[%emt 00:00:23]} 19. Nd2 {[%clk 00:03:59]} {[%emt 00:00:04]}
axb5 {[%clk 00:00:32]} {[%emt 00:00:30]} 20. Qxb5 {[%clk 00:03:57]} {[%emt
00:00:03]} Ba6 {[%clk 00:00:26]} {[%emt 00:00:08]} 21. Qb3 {[%clk 00:03:57]}
{[%emt 00:00:02]} Rb8 {[%clk 00:00:18]} {[%emt 00:00:11]} 22. Qa4 {[%clk
00:03:56]} {[%emt 00:00:03]} Ra8 {[%clk 00:00:13]} {[%emt 00:00:07]} 23. Qb3
{[%clk 00:03:39]} {[%emt 00:00:18]} Rb8 {[%clk 00:00:12]} {[%emt 00:00:04]} 24.
Rb1 {[%clk 00:03:40]} {[%emt 00:00:01]} Qc7 {[%clk 00:00:10]} {[%emt 00:00:03]}
25. Bd1 {[%clk 00:03:17]} {[%emt 00:00:25]} Rb7 {[%clk 00:00:09]} {[%emt
00:00:03]} 26. a4 {[%clk 00:03:16]} {[%emt 00:00:04]} Reb8 {[%clk 00:00:09]}
{[%emt 00:00:02]} 27. Be2 {[%clk 00:03:16]} {[%emt 00:00:02]} Re8 {[%clk
00:00:07]} {[%emt 00:00:04]} 28. a5 {[%clk 00:03:06]} {[%emt 00:00:11]} bxa5
{[%clk 00:00:06]} {[%emt 00:00:03]} 29. Qa2 {[%clk 00:03:02]} {[%emt 00:00:07]}
Rxb1+ {[%clk 00:00:07]} {[%emt 00:00:01]} 30. Qxb1 {[%clk 00:03:02]} {[%emt
00:00:02]} Rb8 {[%clk 00:00:08]} {[%emt 00:00:01]} 31. Qa2 {[%clk 00:03:02]}
{[%emt 00:00:01]} Qb6 {[%clk 00:00:06]} {[%emt 00:00:05]} 32. O-O {[%clk
00:02:58]} {[%emt 00:00:06]} Qb2 {[%clk 00:00:06]} {[%emt 00:00:02]} 33. Qxa5
{[%clk 00:02:50]} {[%emt 00:00:10]} Qb6 {[%clk 00:00:05]} {[%emt 00:00:03]} 34.
Qxb6 {[%clk 00:02:32]} {[%emt 00:00:20]} Rxb6 {[%clk 00:00:06]} {[%emt
00:00:01]} 35. h3 {[%clk 00:02:27]} {[%emt 00:00:06]} Nxd5 {[%clk 00:00:06]}
{[%emt 00:00:02]} 36. Nxe4 {[%clk 00:02:19]} {[%emt 00:00:10]} Nf6 {[%clk
00:00:06]} {[%emt 00:00:03]} 37. Nc3 {[%clk 00:02:10]} {[%emt 00:00:11]} d5
{[%clk 00:00:04]} {[%emt 00:00:03]} 38. cxd5 {[%clk 00:02:08]} {[%emt
00:00:04]} Bxe2 {[%clk 00:00:05]} {[%emt 00:00:02]} 39. Nxe2 {[%clk 00:02:07]}
{[%emt 00:00:02]} Nxd5 {[%clk 00:00:06]} 40. Rc1 {[%clk 00:02:06]} {[%emt
00:00:03]} Rc6 {[%clk 00:00:07]} {[%emt 00:00:02]} 41. Nd4 {[%clk 00:02:03]}
{[%emt 00:00:05]} Rc8 {[%clk 00:00:06]} {[%emt 00:00:03]} 42. Nb3 {[%clk
00:02:02]} {[%emt 00:00:03]} c4 {[%clk 00:00:07]} {[%emt 00:00:01]} 43. Nd4
{[%clk 00:02:02]} {[%emt 00:00:02]} c3 {[%clk 00:00:08]} {[%emt 00:00:01]} 44.
Kf1 {[%clk 00:01:58]} {[%emt 00:00:05]} Nb4 {[%clk 00:00:09]} {[%emt 00:00:02]}
45. Ke2 {[%clk 00:01:57]} {[%emt 00:00:03]} Kf8 {[%clk 00:00:06]} {[%emt
00:00:05]} 46. Nc2 {[%clk 00:01:47]} {[%emt 00:00:12]} Nd5 {[%clk 00:00:05]}
{[%emt 00:00:04]} 47. Kd3 {[%clk 00:01:43]} {[%emt 00:00:05]} Ke7 {[%clk
00:00:05]} {[%emt 00:00:01]} 48. Kd4 {[%clk 00:01:40]} {[%emt 00:00:06]} Ke6
{[%clk 00:00:06]} {[%emt 00:00:02]} 49. Ne1 {[%clk 00:01:32]} {[%emt 00:00:09]}
Rd8 {[%clk 00:00:05]} {[%emt 00:00:03]} 50. Kc4 {[%clk 00:01:25]} {[%emt
00:00:08]} Rc8+ {[%clk 00:00:06]} {[%emt 00:00:01]} 51. Kb3 {[%clk 00:01:20]}
{[%emt 00:00:07]} Ke5 {[%clk 00:00:06]} {[%emt 00:00:02]} 52. Nd3+ {[%clk
00:01:09]} {[%emt 00:00:13]} Ke6 {[%clk 00:00:07]} {[%emt 00:00:02]} 53. Nf4+
{[%clk 00:01:06]} {[%emt 00:00:05]} Nxf4 {[%clk 00:00:08]} 54. exf4 {[%clk
00:01:06]} {[%emt 00:00:01]} Kf5 {[%clk 00:00:09]} 55. Rxc3 {[%clk 00:01:07]}
{[%emt 00:00:02]} Rxc3+ {[%clk 00:00:10]} {[%emt 00:00:01]} 56. Kxc3 {[%clk
00:01:06]} {[%emt 00:00:03]} Kxf4 {[%clk 00:00:11]} {[%emt 00:00:01]} 57. Kd2
{[%clk 00:01:07]} Ke4 {[%clk 00:00:11]} {[%emt 00:00:02]} 58. Ke2 {[%clk
00:01:07]} f5 {[%clk 00:00:11]} {[%emt 00:00:02]} 59. f3+ {[%clk 00:01:05]}
{[%emt 00:00:04]} Kf4 {[%emt 00:00:03]} 60. Kf2 {[%clk 00:01:06]} {[%emt
00:00:01]} g5 {[%clk 00:00:11]} {[%emt 00:00:02]} 61. g3+ {[%clk 00:01:06]}
{[%emt 00:00:02]} Ke5 {[%clk 00:00:12]} 62. Ke3 {[%clk 00:01:05]} {[%emt
00:00:03]} Kd5 {[%emt 00:00:03]} 63. f4 {[%clk 00:01:01]} {[%emt 00:00:05]} Kc4
{[%clk 00:00:09]} {[%emt 00:00:05]} 64. fxg5 {[%clk 00:01:01]} {[%emt
00:00:02]} hxg5 {[%clk 00:00:09]} {[%emt 00:00:01]} 65. h4 {[%clk 00:01:01]}
{[%emt 00:00:02]} gxh4 {[%clk 00:00:07]} {[%emt 00:00:04]} 66. gxh4 {[%clk
00:01:02]} {[%emt 00:00:01]} Kd5 {[%clk 00:00:09]} 67. Kf4 {[%clk 00:01:02]}
{[%emt 00:00:01]} Ke6 {[%clk 00:00:10]} {[%emt 00:00:02]} 68. Kg5 {[%clk
00:00:57]} {[%emt 00:00:07]} Kf7 {[%clk 00:00:11]} {[%emt 00:00:02]} 69. Kxf5
{[%clk 00:00:57]} {[%emt 00:00:01]} Kg7 {[%clk 00:00:12]} {[%emt 00:00:01]} 70.
Kg5 {[%clk 00:00:57]} {[%emt 00:00:02]} Kh7 {[%clk 00:00:12]} {[%emt 00:00:01]}
71. Kh5 {[%clk 00:00:58]} {[%emt 00:00:02]} Kh8 {[%clk 00:00:12]} {[%emt
00:00:02]} 72. Kh6 {[%clk 00:00:58]} Kg8 {[%clk 00:00:13]} {[%emt 00:00:01]} 73.
Kg6 {[%clk 00:00:58]} {[%emt 00:00:03]} Kh8 {[%clk 00:00:14]} {[%emt 00:00:01]}
74. h5 {[%clk 00:00:52]} {[%emt 00:00:08]} Kg8 {[%clk 00:00:15]} {[%emt
00:00:01]} 75. Kg5 {[%clk 00:00:50]} {[%emt 00:00:04]} Kh8 {[%clk 00:00:16]}
{[%emt 00:00:01]} 76. Kh6 {[%clk 00:00:50]} {[%emt 00:00:02]} Kg8 {[%clk
00:00:16]} {[%emt 00:00:01]} 77. Kg6 {[%clk 00:00:51]} {[%emt 00:00:01]} Kh8
{[%clk 00:00:17]} 78. h6 {[%clk 00:00:50]} {[%emt 00:00:03]} Kg8 {[%clk
00:00:18]} {[%emt 00:00:01]} 79. Kg5 {[%clk 00:00:50]} {[%emt 00:00:02]} Kh8
{[%clk 00:00:18]} {[%emt 00:00:02]} 80. Kh4 {[%clk 00:00:47]} {[%emt 00:00:05]}
Kh7 {[%clk 00:00:18]} {[%emt 00:00:02]} 81. Kh5 {[%clk 00:00:48]} {[%emt
00:00:02]} Kg8 {[%clk 00:00:17]} {[%emt 00:00:02]} 82. Kg5 {[%clk 00:00:46]}
{[%emt 00:00:04]} Kh8 {[%clk 00:00:18]} {[%emt 00:00:01]} 83. Kg6 {[%clk
00:00:40]} {[%emt 00:00:08]} Kg8 {[%clk 00:00:19]} 84. Kf6 {[%clk 00:00:34]}
{[%emt 00:00:08]} Kh8 {[%clk 00:00:20]} {[%emt 00:00:02]} 1/2-1/2

[Event "World Youth & Cadets Blitz Championships"]
[Site "Rhodes, Greece"]
[Date "2022.05.03"]
[Round "5.42"]
[White "Rzadkowska, Kaja"]
[Black "Gawerska, Karolina"]
[Result "0-1"]
[TimeControl "5'/game & 2\"/move"]
[WhiteElo "1190"]
[BlackElo "1035"]

1. e4 {[%clk 00:05:02]} c5 {[%clk 00:05:03]} {[%emt 00:00:02]} 2. c3 {[%clk
00:05:02]} {[%emt 00:00:02]} Nc6 {[%clk 00:05:02]} {[%emt 00:00:03]} 3. d4
{[%clk 00:05:02]} {[%emt 00:00:02]} cxd4 {[%clk 00:05:01]} {[%emt 00:00:02]} 4.
cxd4 {[%clk 00:05:01]} {[%emt 00:00:03]} g6 {[%clk 00:04:59]} {[%emt 00:00:04]}
5. Nc3 {[%clk 00:04:58]} {[%emt 00:00:05]} Bg7 {[%clk 00:04:58]} {[%emt
00:00:03]} 6. Nf3 {[%clk 00:04:52]} {[%emt 00:00:09]} d6 {[%clk 00:04:58]}
{[%emt 00:00:02]} 7. h3 {[%clk 00:04:49]} {[%emt 00:00:03]} Nf6 {[%clk
00:04:55]} {[%emt 00:00:05]} 8. Bc4 {[%clk 00:04:34]} {[%emt 00:00:18]} O-O
{[%clk 00:04:53]} {[%emt 00:00:05]} 9. O-O {[%clk 00:04:31]} {[%emt 00:00:04]}
a6 {[%clk 00:04:49]} {[%emt 00:00:06]} 10. Be3 {[%clk 00:04:14]} {[%emt
00:00:19]} b5 {[%clk 00:04:49]} {[%emt 00:00:02]} 11. Bb3 {[%clk 00:04:11]}
{[%emt 00:00:06]} Bb7 {[%clk 00:04:47]} {[%emt 00:00:03]} 12. a3 {[%clk
00:04:02]} {[%emt 00:00:11]} e6 {[%clk 00:04:33]} {[%emt 00:00:15]} 13. Rc1
{[%clk 00:03:47]} {[%emt 00:00:18]} Qd7 {[%clk 00:04:20]} {[%emt 00:00:15]} 14.
Qd2 {[%clk 00:03:16]} {[%emt 00:00:33]} Na5 {[%clk 00:03:53]} {[%emt 00:00:29]}
15. Ba2 {[%clk 00:03:05]} {[%emt 00:00:13]} Nc4 {[%clk 00:03:41]} {[%emt
00:00:14]} 16. Bxc4 {[%clk 00:02:57]} {[%emt 00:00:09]} bxc4 {[%clk 00:03:39]}
{[%emt 00:00:04]} 17. Qc2 {[%clk 00:02:40]} {[%emt 00:00:20]} Qc6 {[%clk
00:03:15]} {[%emt 00:00:26]} 18. e5 {[%clk 00:02:09]} {[%emt 00:00:33]} dxe5
{[%clk 00:03:11]} {[%emt 00:00:05]} 19. dxe5 {[%clk 00:02:09]} {[%emt
00:00:03]} Ne4 {[%clk 00:03:05]} {[%emt 00:00:08]} 20. Nxe4 {[%clk 00:02:02]}
{[%emt 00:00:09]} Qxe4 {[%clk 00:03:02]} {[%emt 00:00:05]} 21. Qxc4 {[%clk
00:01:29]} {[%emt 00:00:35]} Qxc4 {[%clk 00:02:45]} {[%emt 00:00:19]} 22. Rxc4
{[%clk 00:01:25]} {[%emt 00:00:06]} Bxf3 {[%clk 00:02:37]} {[%emt 00:00:10]} 23.
gxf3 {[%clk 00:01:18]} {[%emt 00:00:10]} Bxe5 {[%clk 00:02:34]} {[%emt
00:00:04]} 24. b4 {[%clk 00:01:07]} {[%emt 00:00:13]} Bb2 {[%clk 00:02:26]}
{[%emt 00:00:10]} 25. a4 {[%clk 00:01:03]} {[%emt 00:00:06]} Bg7 {[%clk
00:02:19]} {[%emt 00:00:09]} 26. Bd4 {[%clk 00:00:51]} {[%emt 00:00:14]} Bxd4
{[%clk 00:02:06]} {[%emt 00:00:15]} 27. Rxd4 {[%clk 00:00:52]} {[%emt
00:00:01]} Rfc8 {[%clk 00:01:59]} {[%emt 00:00:08]} 28. Rd3 {[%clk 00:00:35]}
{[%emt 00:00:20]} Rc4 {[%clk 00:01:55]} {[%emt 00:00:06]} 29. Rb1 {[%clk
00:00:33]} {[%emt 00:00:04]} Rb8 {[%clk 00:01:54]} {[%emt 00:00:03]} 30. Rdb3
{[%clk 00:00:31]} {[%emt 00:00:04]} Rbc8 {[%clk 00:01:08]} {[%emt 00:00:48]} 31.
Kg2 {[%clk 00:00:26]} {[%emt 00:00:08]} Rc2 {[%clk 00:00:58]} {[%emt 00:00:11]}
32. R3b2 {[%clk 00:00:21]} {[%emt 00:00:08]} R2c3 {[%clk 00:00:55]} {[%emt
00:00:04]} 33. b5 {[%clk 00:00:18]} {[%emt 00:00:05]} axb5 {[%clk 00:00:53]}
{[%emt 00:00:04]} 34. axb5 {[%clk 00:00:17]} {[%emt 00:00:03]} Rb8 {[%clk
00:00:52]} {[%emt 00:00:03]} 35. b6 {[%clk 00:00:14]} {[%emt 00:00:05]} Rc6
{[%clk 00:00:48]} {[%emt 00:00:05]} 36. Kg3 {[%clk 00:00:10]} {[%emt 00:00:07]}
Rc4 {[%clk 00:00:42]} {[%emt 00:00:08]} 37. Rb3 {[%clk 00:00:04]} {[%emt
00:00:08]} Kg7 {[%clk 00:00:39]} {[%emt 00:00:05]} 38. f4 {[%clk 00:00:04]}
{[%emt 00:00:02]} f5 {[%clk 00:00:32]} {[%emt 00:00:10]} 39. Kf3 {[%clk
00:00:03]} {[%emt 00:00:02]} Rd4 {[%clk 00:00:27]} {[%emt 00:00:06]} 40. Ke3
{[%clk 00:00:04]} {[%emt 00:00:02]} Rd7 {[%clk 00:00:23]} {[%emt 00:00:06]} 41.
Kf3 {[%clk 00:00:04]} {[%emt 00:00:02]} Rd4 {[%clk 00:00:21]} {[%emt 00:00:04]}
42. Ke3 {[%clk 00:00:04]} {[%emt 00:00:02]} Rd7 {[%clk 00:00:22]} {[%emt
00:00:02]} 43. Kf3 {[%clk 00:00:04]} {[%emt 00:00:02]} Rd4 {[%clk 00:00:22]}
{[%emt 00:00:01]} 44. Rc1 {[%clk 00:00:04]} {[%emt 00:00:02]} Kf6 {[%clk
00:00:13]} {[%emt 00:00:11]} 45. Rc7 {[%clk 00:00:00]} {[%emt 00:00:03]} 0-1